Producción conjunta y análisis marginal (Registro nro. 16951)

Detalles MARC
000 -LEADER
fixed length control field 00333 a2200109 4500
001 - CONTROL NUMBER
control field ART_17502
005 - DATE AND TIME OF LATEST TRANSACTION
control field 20260410161721.0
008 - FIXED-LENGTH DATA ELEMENTS--GENERAL INFORMATION
fixed length control field 260409a
100 1# - MAIN ENTRY--PERSONAL NAME
Personal name Kuster, Christian
245 10 - TITLE STATEMENT
Title Producción conjunta y análisis marginal
773 0# - HOST ITEM ENTRY
Title Contabilidad y auditoría
Related parts - Año 18, Nº 36 (dic. 2012)
Record control number REV1723

No hay ítems disponibles.